| 000 | 00891nam a22002297a 4500 | ||
|---|---|---|---|
| 005 | 20250619144942.0 | ||
| 010 | _aDEC24SC ENG-142975 ENG-145471 | ||
| 020 |
_a9789364689618 _c1099.00 |
||
| 035 | _aEN-126507 | ||
| 035 | _aEN-129003 | ||
| 037 | _bDBAD | ||
| 082 |
_a000 _23 |
||
| 100 |
_aGrover, Sudhir _982150 |
||
| 245 |
_aMCA Entrance Examinations 2025 (Master of Computer Applications)/ _cBy Sudhir Grover & Arpana Grover |
||
| 250 | _a1 | ||
| 260 |
_aNew Delhi _bS Chand and Company Limited _c2025 |
||
| 270 |
_a A-27, 2nd Floor, Mohan Co-operative Industrial Estate _bNew Delhi _e110044 _minfo@schandpublishing.com _k011-49731800 |
||
| 300 |
_axiv,1053p. _c26cm(pb) |
||
| 500 | _aMathematics, Analytical & Logical Ability, Quantitative Ability, Computer Awareness & General English | ||
| 700 |
_aGrover, Arpana _eAuthor _975009 |
||
| 942 |
_2ddc _cEN _h000 _mGRO _e1 |
||
| 999 |
_c207605 _d207605 |
||